000 01095nam a2200313Ia 4500
003 OSt
005 20221007121305.0
006 a|||||r|||| 00| 0
007 ta
008 221006b |||||||| |||| 00| 0 eng d
020 _a9783642209659 (hbk)
024 _a190130
037 _b226, 10/03/2014, N R Book Distributors
_cTextual
040 _aBDL
_cBDL
_beng
041 _2eng
_aeng
082 _aI:567, Q2 Carb
100 _aPerotto Silvia Ed.
_9711293
245 0 _aSignaling and communication in plant symbiosis
_b Baluska Frantisek Ed.
260 _aNew
_bYork Springer
_c2012
300 _aviii,262p.
_ccm.
490 _aSignaling and communication in plants
500 _aInclude bibliographical references.; Index 259-262p.
650 _a Plant cellular signal transduction
_9711294
650 _a Plant symbiosis
_9711295
650 _aBotany
700 _a Baluska Frantisek Ed.
_9710397
942 _hI:567, Q2 Carb
_cTEXL
_2CC
999 _c1208674
_d1208674